| 000 | 01325cam a22003375a 4500 | ||
|---|---|---|---|
| 999 |
_c25451 _d25423 |
||
| 001 | 009414009 | ||
| 003 | EG-ScBUE | ||
| 005 | 20191204101748.0 | ||
| 006 | m||||fq||h 00| 0 | ||
| 008 | 010319s2001 enka f d 000 0 eng d | ||
| 020 | _a0521799554 | ||
| 020 | _a9780521799553 | ||
| 040 |
_aEG-ScBUE _beng _erda _cEG-ScBUE _dEG-ScBUE |
||
| 082 | 0 | 4 |
_a423 _bCAM _222 |
| 245 | 0 | 0 | _aCambridge learner's dictionary. |
| 264 | 1 |
_aCambridge : _bCambridge University Press, _c2001. |
|
| 300 |
_a767 pages : _billustrations ; _c20 cm |
||
| 336 |
_2rdacontent _atext _btxt |
||
| 336 |
_2rdacontent _asounds _bsnd |
||
| 337 |
_2rdamedia _aunmediated _bn |
||
| 337 |
_2rdamedia _aaudio _bs |
||
| 338 |
_2rdacarrier _avolume _bnc |
||
| 338 |
_2rdacarrier _acomputer disc _bcd |
||
| 520 | _aCambridge Learner's Dictionary with CD-ROM is a major new dictionary for intermediate learners of English. The combination of book and CD-ROM makes it ideal for use at home and in the classroom. * 35,000 meanings * Hundreds of illustrations * CD-ROM has sound recordings and thesaurus-type search. | ||
| 590 | _aBassant Morgan | ||
| 650 | 7 |
_aEnglish language _vDictionaries. _2BUEsh _913761 |
|
| 653 |
_bHHUUEENN _cSeptember2017 _cJuly2019 |
||
| 655 | _vReading book | ||
| 942 |
_2ddc _cCDVDWREF |
||